[Event "TCh-ESP Honor Gp1"]
[Site "Olite ESP"]
[Date "2006.09.08"]
[Round "3"]
[White "De la Riva Aguado,O"]
[Black "Ivanchuk,V"]
[Result "1/2-1/2"]
[WhiteElo "2517"]
[BlackElo "2734"]

1.e4 c5 2.Nf3 Nc6 3.Bb5 g6 4.O-O Bg7 5.Re1 Nf6 6.e5 Nd5 7.Nc3 Nc7 8.Bxc6 dxc6
9.Ne4 b6 10.Nf6+ Kf8 11.Ne4 Bg4 12.d3 Ne6 13.Ned2 Bh6 14.h3 Bxf3 15.Nxf3 Bxc1
16.Qxc1 Kg7 17.Ng5 Qd5 18.Nxe6+ Qxe6 19.Re4 Rad8 20.Qe3 h5 21.b3 Rd5 22.Re1 Rhd8
23.Kh2 Rd4 24.Qf4 a5 25.g3 Qf5 26.Rxd4 Rxd4 27.Qxf5 gxf5 28.f4 b5 29.Re2 c4
30.dxc4 bxc4 31.Kg2 Rd1 32.Kf3 Ra1 33.Re3 Rxa2 34.Rc3 cxb3 35.cxb3 Ra3 36.Rxc6 a4
37.Ra6 Rxb3+ 38.Kg2 a3 39.h4 Rb2+ 40.Kf3 a2 41.Ke3 f6 42.e6 Kg6 43.Kf3 Rc2
44.Ra8 Rc3+ 45.Kf2 Rc6 46.Rxa2 Rxe6 47.Ra5 Rb6 48.Kf3 Rb8 49.Kf2 Re8 50.Kf3 e6
51.Ra7 e5 52.Rb7 Re6 53.Ra7 Rb6 54.fxe5 fxe5 55.Re7 e4+ 56.Kf2 Rb2+ 57.Kf1 Rb3
58.Kg2 Kf6 59.Re8 Ra3 60.Rh8 Ra2+ 61.Kf1 e3 62.Re8 Rf2+ 63.Kg1 Re2 64.Kf1 Rf2+
65.Kg1  1/2-1/2

[Event "TCh-ESP Honor Gp1"]
[Site "Olite ESP"]
[Date "2006.09.10"]
[Round "5"]
[White "Nisipeanu,LD"]
[Black "Ivanchuk,V"]
[Result "1/2-1/2"]
[WhiteElo "2696"]
[BlackElo "2734"]

1.e4 c5 2.Nf3 d6 3.d4 cxd4 4.Nxd4 Nf6 5.Nc3 a6 6.Be3 e5 7.Nde2 Nc6 8.Bg5 Be7
9.Bxf6 Bxf6 10.Nd5 Be6 11.c3 Bg5 12.Ng3 g6 13.Bc4 Rc8 14.O-O O-O 15.a4 Nb4
16.Qb3 Nxd5 17.Bxd5 Bxd5 18.Qxd5 Qb6 19.Qa2 Rc5 20.Rfd1 Rfc8 21.Rd3 Rc4 22.a5 Qc6
23.Rd5 Bf4 24.Rad1  1/2-1/2

[Event "ECU Club Cup"]
[Site "Feugen AUT"]
[Date "2006.10.08"]
[Round "1"]
[White "Stefansson,H"]
[Black "Ivanchuk,V"]
[Result "1/2-1/2"]
[WhiteElo "2569"]
[BlackElo "2734"]

1.e4 e5 2.Nf3 Nc6 3.Bb5 Nf6 4.O-O Nxe4 5.d4 Nd6 6.Bxc6 dxc6 7.dxe5 Nf5 8.Qxd8+ Kxd8
9.Nc3 Ne7 10.Re1 h6 11.h3 Ng6 12.Bd2 Bd7 13.Rad1 Kc8 14.Ne2 c5 15.Ng3 b6
16.Nh5 Kb7 17.Bc3 Be6 18.g4 Kc6 19.a3 a5 20.a4 Ne7 21.Nf4 g5 22.Nxe6 fxe6
23.Nd2 Rd8 24.Ne4 Rxd1 25.Rxd1 Bg7 26.b3 Rf8 27.Re1 Nd5 28.Bd2 Nb4 29.Bxb4 axb4
30.Nd2 Kd5 31.Nc4 Rf4 32.Kg2 Rxc4 33.Re3  1/2-1/2

[Event "22nd ECU Club Cup"]
[Site "Feugen AUT"]
[Date "2006.10.10"]
[Round "3"]
[White "Van Wely,L"]
[Black "Ivanchuk,V"]
[Result "1/2-1/2"]
[WhiteElo "2676"]
[BlackElo "2741"]

1.c4 Nf6 2.Nc3 e5 3.Nf3 Nc6 4.g3 Bc5 5.Bg2 d6 6.O-O O-O 7.e3 a6 8.a3 Ba7
9.b4 Be6 10.d3 e4 11.Nxe4 Nxe4 12.dxe4 Bxc4 13.Re1 Ne5 14.Qc2 Bd3 15.Qc3 Bxe4
16.Nxe5 Bxg2 17.Kxg2 dxe5 18.Qxe5 Re8 19.Qf5 Qc8 20.Qxc8 Raxc8 21.Bb2 c5
22.bxc5 Bxc5 23.Rec1 Rc6 24.a4 Rec8 25.Kf3 f6 26.Rab1 Bb4 27.Rd1 a5 28.Rd7 b5
29.axb5 Rb6 30.Bd4 Rxb5 31.g4 Rcb8 32.Ra7 Bc5 33.Rxb5 Rxb5 34.Bxc5 Rxc5 35.h3 h5
36.Ke4 hxg4 37.hxg4 Rc4+ 38.Kf5 Rc5+ 39.Ke4 Rc4+ 40.Kf5 Rc5+ 41.Ke4  1/2-1/2

[Event "22nd ECU Club Cup"]
[Site "Feugen AUT"]
[Date "2006.10.12"]
[Round "5"]
[White "Bucinskas,V"]
[Black "Ivanchuk,V"]
[Result "0-1"]
[WhiteElo "2336"]
[BlackElo "2741"]

1.e4 c5 2.Nf3 e6 3.d4 cxd4 4.Nxd4 Nf6 5.Nc3 Nc6 6.Ndb5 d6 7.Bf4 e5 8.Bg5 a6
9.Na3 b5 10.Bxf6 gxf6 11.Nd5 Bg7 12.c3 f5 13.exf5 Bxf5 14.Nc2 Be6 15.Nce3 Ne7
16.g3 Nxd5 17.Nxd5 O-O 18.Bg2 a5 19.O-O Rb8 20.Qd2 Qd7 21.f4 f5 22.Rac1 Kh8
23.Rfd1 Rfc8 24.b4 e4 25.g4 axb4 26.Nxb4 Bg8 27.Kh1 d5 28.gxf5 Qxf5 29.Qe3 Rc4
30.Bh3 Qh5 31.a3 Rxc3 32.Rxc3 Qxd1+ 33.Kg2 Rb6 34.Bf5 Rf6 35.Rc1 Qf3+  0-1

[Event "22nd ECU Club Cup"]
[Site "Feugen AUT"]
[Date "2006.10.14"]
[Round "7"]
[White "Ivanchuk,V"]
[Black "Ruck,R"]
[Result "1-0"]
[WhiteElo "2741"]
[BlackElo "2526"]

1.e4 c6 2.d4 d5 3.e5 Bf5 4.Nc3 e6 5.g4 Bg6 6.Nge2 c5 7.h4 h5 8.Nf4 Bh7 9.g5 Nc6
10.Qxh5 Nxd4 11.Be3 Ne7 12.Bxd4 cxd4 13.Nxe6 Qb8 14.Bb5+ Nc6 15.Nxd4 Qxe5+
16.Nce2 O-O-O 17.Bxc6 bxc6 18.Nxc6 Qe4 19.f3 Qe3 20.Nxd8 Bb4+ 21.c3 Re8 22.Rh2 Qg1+
23.Kd2 Qxh2 24.Re1 Bd6 25.Qxh7 Bg3 26.Qf5+ Kxd8 27.Qxd5+ Kc7 28.Qxf7+ Kd8
29.Qd5+ Kc7 30.Qc4+ Kb6 31.Qd4+ Kc7 32.Qxa7+ Kc8 33.Qc5+ Kd8 34.Rd1 Rxe2+
35.Kc1+ Ke8 36.Qc8+ Kf7 37.Qf5+ Ke8 38.Qg6+ Ke7 39.Qxg7+ Ke8 40.Qg6+ Ke7
41.Qf6+  1-0

[Event "Magistral Barcelona Casino"]
[Site "Barcelona ESP"]
[Date "2006.10.21"]
[Round "3"]
[White "Ivanchuk,V"]
[Black "Lacasa Diaz,J"]
[Result "1-0"]
[WhiteElo "2741"]
[BlackElo "2410"]

1.d4 Nf6 2.c4 e6 3.Nf3 d5 4.g3 c6 5.Bg2 Bb4+ 6.Nc3 dxc4 7.O-O O-O 8.Ne5 Nd5
9.Qc2 Nb6 10.Rd1 N8d7 11.Ne4 Nf6 12.Nd2 Bxd2 13.Rxd2 Nfd7 14.Nxc4 Nxc4 15.Qxc4 e5
16.b3 Qe7 17.d5 cxd5 18.Qxd5 Nf6 19.Qa5 Re8 20.Ba3 Qe6 21.Rd6 Qf5 22.Rd8 h5
23.Rxe8+ Nxe8 24.Qd8 Qe6 25.Be7  1-0

[Event "Magistral Barcelona Casino"]
[Site "Barcelona ESP"]
[Date "2006.10.23"]
[Round "5"]
[White "Ivanchuk,V"]
[Black "Narciso Dublan,M"]
[Result "1-0"]
[WhiteElo "2741"]
[BlackElo "2511"]

1.d4 g6 2.c4 Bg7 3.Nc3 d6 4.Nf3 Nf6 5.g3 O-O 6.Bg2 Nbd7 7.O-O e5 8.e4 a6
9.Qc2 exd4 10.Nxd4 Re8 11.Rd1 Rb8 12.h3 Qe7 13.Bg5 Qf8 14.a4 Bh6 15.Qd2 Bxg5
16.Qxg5 Qg7 17.Kh2 Nc5 18.Qe3 Be6 19.Nxe6 Rxe6 20.b4 Ncd7 21.a5 h5 22.Kg1 h4
23.g4 g5 24.Rac1 c5 25.b5 Ne5 26.Na4 Nfd7 27.Bf1 Ra8 28.Nc3 Nf6 29.Rb1 axb5
30.Nxb5 Nexg4 31.hxg4 Rxe4 32.Qh3 Rxg4+ 33.Bg2 Rxa5 34.Nxd6 Qg6 35.Rxb7 Qh5
36.Rxf7  1-0

[Event "Magistral Barcelona Casino"]
[Site "Barcelona ESP"]
[Date "2006.10.25"]
[Round "7"]
[White "Ivanchuk,V"]
[Black "Timman,J"]
[Result "1-0"]
[WhiteElo "2741"]
[BlackElo "2565"]

1.d4 Nf6 2.c4 e6 3.Nf3 b6 4.g3 Ba6 5.Nbd2 Bb4 6.Qc2 Bb7 7.Bg2 Be4 8.Qd1 O-O
9.O-O Bxd2 10.Qxd2 d5 11.b3 dxc4 12.Ba3 Re8 13.bxc4 e5 14.Rfd1 exd4 15.Nxd4 Bxg2
16.Kxg2 c5 17.Nf5 Qxd2 18.Rxd2 Ne4 19.Rd5 Nf6 20.Rd2 Ne4 21.Rd3 Nc6 22.Bb2 Ne5
23.Nxg7 Kxg7 24.f4 f6 25.fxe5 fxe5 26.Rd5 Nf6 27.Bxe5 Kg6 28.Bxf6 Kxf6 29.Kf3 Re6
30.e4 Kg6 31.Rad1 Rae8 32.Rd6 Kf7 33.Rd7+ Kg8 34.Rxa7 Rxe4 35.Rdd7 Rxc4 36.Rg7+ Kh8
37.Rxh7+ Kg8 38.Rag7+ Kf8 39.h4 Ra8 40.Rb7 Kg8 41.Rhg7+ Kh8 42.h5 Rc3+ 43.Kg4 Rd3
44.Rh7+ Kg8 45.Rbg7+  1-0

[Event "TCh-ESP Final"]
[Site "Lugo ESP"]
[Date "2006.11.03"]
[Round "1"]
[White "Svidler,P"]
[Black "Ivanchuk,V"]
[Result "1-0"]
[WhiteElo "2750"]
[BlackElo "2741"]

1.e4 d6 2.d4 Nf6 3.Nc3 g6 4.Be3 c6 5.h3 Bg7 6.g4 b5 7.e5 Nfd7 8.f4 Nb6 9.Nf3 N8d7
10.Bd3 b4 11.Ne4 Nd5 12.Bd2 c5 13.Nfg5 Qb6 14.c4 bxc3 15.bxc3 Ba6 16.Rb1 Bxd3
17.Rxb6 N5xb6 18.exd6 h6 19.Nxc5 Nxc5 20.dxc5 O-O 21.Qf3 Bc4 22.cxb6 hxg5
23.b7 Rab8 24.Qc6 Bxa2 25.O-O exd6 26.Ra1 Be6 27.Rxa7 gxf4 28.Ra8 Be5 29.Rxb8 Rxb8
30.Qc7  1-0

[Event "XIX Carlos Torre Mem KO"]
[Site "Merida MEX"]
[Date "2006.12.18"]
[Round "1.3"]
[White "Perez,Rod"]
[Black "Ivanchuk,V"]
[Result "1-0"]
[WhiteElo "2385"]
[BlackElo "2741"]

1.e4 e5 2.Nf3 Nc6 3.Bc4 Nf6 4.d3 h6 5.O-O d6 6.Nc3 Be7 7.h3 Na5 8.a4 Nxc4
9.dxc4 O-O 10.Re1 c6 11.b3 Qc7 12.Ba3 Rd8 13.Qd2 Be6 14.Rad1 Rd7 15.Qe3 b6
16.Rd2 Rad8 17.Red1 Nh7 18.Ne2 Ng5 19.Ng3 g6 20.Nh2 Nh7 21.Nf3 h5 22.Bb2 Re8
23.Qh6 Bf8 24.Qe3 Be7 25.Qh6 Bf8 26.Qe3 Be7 27.Ne2 Red8 28.Qh6 Bf8 29.Qe3 Be7
30.Nh2 Bg5 31.f4 exf4 32.Qf3 d5 33.exd5 cxd5 34.cxd5 Qc5+ 35.Bd4 Qxd5 36.Qf2 f3
37.Nxf3 Bxd2 38.Rxd2 Qe4 39.Ng3 Qf4 40.Ne2 Qh6 41.Qg3 Bd5 42.Rd3 Bxf3 43.Qxf3 Ng5
44.Qe3 Kh7 45.Bf6 Rxd3 46.cxd3 Ne6 47.Qxh6+ Kxh6 48.Bxd8 Nxd8 49.Kf2 Kg5
50.Ke3 Kf6 51.Ke4 Ke6 52.Nd4+ Kd7 53.Kd5 Nb7 54.b4 a5 55.bxa5 Nxa5 56.h4 Nb7
57.Nb3 Nd6 58.Nd4 f6 59.Ne6 Ke7 60.Nf4 g5 61.Nxh5 gxh4 62.Nxf6 Nf5 63.Ke5 Ng3
64.Nd5+ Kd8 65.Nxb6 Kc7 66.Nd5+ Kc6 67.Nf4 Kc5 68.Ng6 Nf1 69.Nxh4 Ne3 70.g3 Kb4
71.Ke4 Nf1 72.g4 Kxa4 73.g5 Ng3+ 74.Kf4 Nh5+ 75.Kg4 Ng7 76.Nf5 Ne8 77.g6 Kb3
78.Kf4 Kc3 79.Ke3 Nf6 80.Nh6 Nd5+  1-0

[Event "XIX Carlos Torre Mem KO"]
[Site "Merida MEX"]
[Date "2006.12.18"]
[Round "1.1"]
[White "Perez,Rod"]
[Black "Ivanchuk,V"]
[Result "1/2-1/2"]
[WhiteElo "2385"]
[BlackElo "2741"]

1.e4 e5 2.Nf3 Nc6 3.Bc4 Nf6 4.d3 h6 5.O-O d6 6.Nc3 Be7 7.h3 Na5 8.a4 Nxc4
9.dxc4 O-O 10.Re1 c6 11.b3 Qc7 12.Ba3 Rd8 13.Qd2 Nh7 14.Rad1 Ng5 15.Nxg5 hxg5
16.Re3 Be6 17.Rd3 Kf8 18.Bxd6 Bxd6 19.Rxd6 Rxd6 20.Qxd6+ Qxd6 21.Rxd6 Ke7
22.c5 g4 23.hxg4 Bxg4 24.f3 Be6 25.Kf2 Rh8 26.Rd1 g5 27.Ne2 f5 28.exf5 Bxf5
29.Rd2 Rh4 30.Ng3 Bg6 31.Ke3 a5 32.Ne4 Bxe4 33.fxe4 Rg4 34.Kf3 Rf4+ 35.Ke3 Rg4
36.Kf3  1/2-1/2

[Event "XIX Carlos Torre Mem KO"]
[Site "Merida MEX"]
[Date "2006.12.18"]
[Round "1.2"]
[White "Ivanchuk,V"]
[Black "Perez,Rod"]
[Result "1/2-1/2"]
[WhiteElo "2741"]
[BlackElo "2385"]

1.e4 e5 2.Nf3 Nf6 3.Nxe5 d6 4.Nf3 Nxe4 5.d4 d5 6.Bd3 Be7 7.O-O Bf5 8.Re1 Nc6
9.c4 Nb4 10.Bf1 O-O 11.a3 Nc6 12.cxd5 Qxd5 13.Nc3 Nxc3 14.bxc3 Bf6 15.Bf4 Qd7
16.Qd2 Rfe8 17.Bg3 Na5 18.Qf4 c5 19.a4 c4 20.Ne5 Bxe5 21.dxe5 Bc2 22.Bxc4 Nxc4
23.Qxc4 Rac8 24.Qb4 a5 25.Qxa5 Ra8 26.Qb4 Rxa4 27.Qd6 Rxa1 28.Rxa1 Qb5 29.h3 Be4
30.Re1 Bd5 31.Re3 Qc6 32.f3 Qc4 33.Bf2 h6 34.Re1 Re6 35.Qd8+ Kh7 36.h4 Rg6
37.Re3 Qb3 38.Kh2 Qd1 39.Bg3 Qd2 40.Re4 Qa2 41.Rd4 Bc6 42.Rd2 Qb1 43.Qd4 Qf5
44.Qe3 h5 45.c4 Re6 46.Qc3 Re8 47.Rd4 Ra8 48.Rf4 Qg6 49.Qb2 Rd8 50.Rd4 Rxd4
51.Qxd4 Qf5 52.c5 Kg8 53.Bf4 Kh7 54.Bg5 Kg8 55.Qc3 Kh7 56.Kg3 Kg8 57.Kf2 Kh7
58.Ke3 Qb1 59.Kf2 Qf5 60.Qd4 Qc2+ 61.Kg3 Qf5 62.Bd2 Qg6+ 63.Kh2 Qf5 64.Bc3 Qg6
65.Bb2 Kg8 66.Ba1 Kh7 67.Bc3 Kg8 68.Bb2 Kh7 69.Ba1 Kg8 70.e6 fxe6 71.Qd8+ Qe8
72.Qg5 Qf7 73.Bb2 Bd5 74.Bc3 Bc6 75.Be5 Bd5 76.Kg1 Kh7 77.Kf2 Kg8 78.Bd4 Bc6
79.Qg3 Kh7 80.Qe5 Kg8 81.Bc3 Kh7 82.Bb2 Kg8 83.Ba1 Kh7 84.Bc3 Kg8 85.Qb8+ Qe8
86.Qc7 Qf7 87.Qd8+ Qe8 88.Qg5 Qf7 89.Qe5 Kh7 90.Qd6 Kg8 91.Qd3 Qf5 92.Qe3 Qc2+
93.Kg3 Qg6+ 94.Kh2 Qf5 95.Be5 Kh7 96.Qc3 Qf7 97.Kg3 Qg6+ 98.Kf2 Ba4 99.Qa5 Bc6
100.Qd8 Qc2+ 101.Kg3 Qg6+ 102.Kh2 Qe8 103.Qg5 Qf7 104.Bg3 Kg8 105.Kg1 Qf5
106.Qe7 Qb1+ 107.Kh2 Qf5 108.Qd6 Kh7 109.Bf4 Kg8 110.Qd8+ Qf8 111.Qd4 Qf7  1/2-1/2

[Event "XIX Carlos Torre Mem KO"]
[Site "Merida MEX"]
[Date "2006.12.19"]
[Round "2.1"]
[White "Georgiev,Vl"]
[Black "Ivanchuk,V"]
[Result "0-1"]
[WhiteElo "2532"]
[BlackElo "2741"]

1.d4 e6 2.Nf3 c5 3.c3 Nf6 4.Bf4 Be7 5.Nbd2 cxd4 6.cxd4 Nc6 7.e3 Nh5 8.Bg3 b6
9.a3 Bb7 10.Bd3 O-O 11.Ne5 g6 12.Nxc6 dxc6 13.Be4 f5 14.Bf3 f4 15.Bxh5 fxg3
16.hxg3 gxh5 17.Qxh5 Rf7 18.Qg4+ Kh8 19.Nf3 Qg8 20.Qxe6 Re8 21.O-O-O Bxa3
22.Qa2 Bd6 23.Qxa7 Rc7 24.Qxb6 Qc4+ 25.Kb1 Ra8 26.d5 Qe4+  0-1

[Event "XIX Carlos Torre Mem KO"]
[Site "Merida MEX"]
[Date "2006.12.20"]
[Round "3.2"]
[White "De la Paz,F"]
[Black "Ivanchuk,V"]
[Result "0-1"]
[WhiteElo "2442"]
[BlackElo "2741"]

1.e4 e5 2.Nf3 Nc6 3.Bc4 Nf6 4.d3 Bc5 5.c3 a6 6.Bb3 Ba7 7.h3 d6 8.Nbd2 h6
9.Nf1 Be6 10.Ng3 Qd7 11.Be3 O-O 12.O-O Rfe8 13.Nh2 d5 14.Qf3 Bxe3 15.fxe3 Rad8
16.Rad1 dxe4 17.dxe4 Qe7 18.Nf5 Bxf5 19.Qxf5 Rxd1 20.Rxd1 Rd8 21.Bd5 Rd6
22.Ng4 Nxg4 23.Qxg4 Nd8 24.Rf1 c6 25.Bb3 g6 26.Qg3 Kh7 27.Qf3 Kg7 28.Qg3 Rd2
29.Kh2 b5 30.Rf5 f6 31.Rf2 Rxf2 32.Qxf2 Nb7 33.Qe2 h5 34.a4 Nd6 35.axb5 axb5
36.Qd3 Nb7 37.Qd1 Qc7 38.Qa1 Nd6 39.Qa8 Qc8 40.Qa3 Qd8 41.Qa7+ Kh6 42.Qc5 Qd7
43.Bc2 Kg7 44.b3 Nf7 45.b4 Ng5 46.h4 Nf7 47.c4 bxc4 48.Qxc4 Nh6 49.Qe2 Ng4+
50.Kg3 Qa7 51.Kf3 Kh6 52.Bb3 Qa1 53.Be6 Qb1 54.Bd7 Qxb4 55.Bxc6 Qb1 56.Bd7 f5
57.Bc6 f4 58.Bd7 Nf6 59.Bc6 Qc1 60.Bb5 Ng4  0-1

[Event "XIX Carlos Torre Mem KO"]
[Site "Merida MEX"]
[Date "2006.12.20"]
[Round "3.1"]
[White "Ivanchuk,V"]
[Black "De la Paz,F"]
[Result "1/2-1/2"]
[WhiteElo "2741"]
[BlackElo "2442"]

1.e4 e5 2.Nf3 Nc6 3.Bb5 a6 4.Ba4 Nf6 5.O-O Be7 6.Re1 b5 7.Bb3 O-O 8.a4 b4
9.d3 d6 10.a5 Be6 11.Nbd2 Nd7 12.c3 Nc5 13.Bxe6 Nxe6 14.Nc4 Bf6 15.Qa4 Qd7
16.cxb4 Rab8 17.Bd2 d5 18.exd5 Qxd5 19.Rac1 Ned4 20.Nxd4 Nxd4 21.Bc3 Nc6
22.Re4 Rfd8 23.Rce1 h6 24.h3 Qb5 25.Qxb5 Rxb5 26.R1e3 Bg5 27.Rf3 Bf6 28.Kf1 Nd4
29.Bxd4 exd4 30.g4 Kf8 31.Ref4 Ke7 32.h4 Rf8 33.Re4+ Kd7 34.Kg2 Re8 35.Ref4 Re6
36.Rf5 Bxh4 37.Rxf7+ Re7 38.Rf8 Bf6 39.Nd2 Re8 40.Rf7+ Re7 41.Rxe7+ Kxe7
42.Ne4 Rxb4 43.Nc5 Rxb2 44.Nxa6 Rb5 45.Nxc7 Rxa5 46.Rf5 Be5 47.Na6 g6 48.Nb4 gxf5
49.Nc6+ Kf6 50.Nxa5 fxg4 51.Nc6 Kf5 52.f3 g3 53.Nxd4+  1/2-1/2

[Event "1st ACP World Rapid Cup"]
[Site "Odessa UKR"]
[Date "2007.01.06"]
[Round "1.1"]
[White "Ivanchuk,V"]
[Black "Amonatov,F"]
[Result "1-0"]
[WhiteElo "2750"]
[BlackElo "2559"]

1.e4 e5 2.Nf3 Nc6 3.d4 exd4 4.Nxd4 Bc5 5.Nxc6 Qf6 6.Qd2 dxc6 7.Nc3 Be6 8.Na4 Rd8
9.Bd3 Bd4 10.O-O b5 11.Nc3 Ne7 12.a4 a6 13.axb5 axb5 14.Kh1 O-O 15.f4 Qh4
16.Ne2 Bb6 17.f5 Bc4 18.b3 Bxd3 19.cxd3 c5 20.Bb2 Nc6 21.Rf3 Nd4 22.Bxd4 cxd4
23.f6 Ra8 24.Raf1 Qh6 25.Qxh6 gxh6 26.Ng3 Ba5 27.Nf5 Bd2 28.Nxd4 b4 29.Nf5 Kh8
30.d4 Rad8 31.d5 Rde8 32.R3f2 Bc3 33.Re2 Bxf6 34.Nxh6 Kg7 35.Nf5+ Kh8 36.g3 Bc3
37.Kg2 f6 38.h4 Ra8 39.Kh3 Ra3 40.Rb1 Rfa8 41.Kg4 Ra1 42.Rxa1 Rxa1 43.Kh5 Ra3
44.g4 Rxb3 45.g5 fxg5 46.e5 Rb2 47.Re3 gxh4 48.d6 cxd6 49.exd6 Kg8 50.d7 Rd2
51.Re8+ Kf7 52.Nh6+ Kf6 53.Ng4+ Kf5 54.d8=Q Rxd8 55.Rxd8 h3 56.Rd3 h2 57.Nxh2 Ke4
58.Rh3 Kd4 59.Ng4 b3 60.Ne3 Bd2 61.Nd1 Kc4 62.Kg4 Kb4 63.Kf5 Bc1 64.Ke4 h6
65.Kd3 Ka3 66.Kc4  1-0

[Event "1st ACP World Rapid Cup"]
[Site "Odessa UKR"]
[Date "2007.01.07"]
[Round "2.2"]
[White "Ivanchuk,V"]
[Black "Bacrot,E"]
[Result "1-0"]
[WhiteElo "2750"]
[BlackElo "2705"]

1.d4 d5 2.c4 c6 3.Nf3 Nf6 4.Nc3 a6 5.e3 b5 6.c5 g6 7.Bd3 Bg7 8.h3 O-O 9.O-O Nbd7
10.Re1 Re8 11.e4 b4 12.Na4 dxe4 13.Bxe4 Nxe4 14.Rxe4 a5 15.Bf4 Nf6 16.Re1 Nd5
17.Be5 Ba6 18.Bxg7 Kxg7 19.b3 Qc7 20.Qd2 Bb5 21.Nb2 a4 22.bxa4 Bxa4 23.Nd3 b3
24.Nde5 f6 25.Ng4 bxa2 26.Rxa2 Bb5 27.Ne3 Nxe3 28.Rxa8 Rxa8 29.Qxe3 Ra7 30.d5 Bc4
31.d6 exd6 32.cxd6 Qf7 33.Qc5 Rd7 34.Qxc6 Bd5 35.Qc5 Bxf3 36.gxf3 Qf8 37.Re6 Qf7
38.Qe3 Qf8 39.Re7+ Rxe7 40.dxe7 Qe8 41.Qe6 g5 42.Kg2 Kg6 43.f4 gxf4 44.Kf3 Kg7
45.Kxf4 Qb8+ 46.Kg4 Qe8 47.Kg3 Qg6+ 48.Kh2 Qe8 49.f4 Kg6 50.Kg3 Kg7 51.Kf2 Kg6
52.Ke3 Kg7 53.f5 h5 54.h4 Qb8 55.e8=N+  1-0

[Event "1st ACP World Rapid Cup"]
[Site "Odessa UKR"]
[Date "2007.01.08"]
[Round "4.1"]
[White "Leko,P"]
[Black "Ivanchuk,V"]
[Result "1/2-1/2"]
[WhiteElo "2749"]
[BlackElo "2750"]

1.e4 Nf6 2.e5 Nd5 3.d4 d6 4.c4 Nb6 5.exd6 exd6 6.Nc3 Be7 7.Bd3 Nc6 8.Nge2 Bg4
9.f3 Bh5 10.O-O Bg6 11.b3 O-O 12.Be3 Re8 13.Bxg6 hxg6 14.Qd2 Bf6 15.d5 Ne5
16.Bf2 Nbd7 17.Ne4 Bh4 18.Bd4 Nf6 19.N4c3 Nh7 20.Rad1 a6 21.Kh1 Qe7 22.Bg1 Rad8
23.Nd4 Nd7 24.Qc2 Bf6 25.Rd2 Be5 26.f4 Bxd4 27.Bxd4 Qh4 28.Re2 Nhf6 29.Qd3 Rxe2
30.Qxe2 Re8 31.Qf3 Nc5 32.Bf2 Qh5 33.Qxh5 gxh5 34.Re1 Rxe1+ 35.Bxe1 Kh7 36.g3 Kg6
37.Kg2 Nfe4 38.Nxe4 Nxe4 39.Kf3 f5 40.h3 Kf7 41.g4 g6 42.gxh5 gxh5 43.Ke3 Ke8
44.Kd4 Kd7 45.Bh4 c6 46.Be1 c5+  1/2-1/2

[Event "TCh-NED 2006-7"]
[Site "Netherlands NED"]
[Date "2007.02.03"]
[Round "5"]
[White "Ivanchuk,V"]
[Black "Lemmers,O"]
[Result "1-0"]
[WhiteElo "2750"]
[BlackElo "2387"]

1.d4 d5 2.c4 c6 3.Nc3 Nf6 4.e3 Bf5 5.cxd5 cxd5 6.Qb3 Bc8 7.Bb5+ Nc6 8.e4 Bd7
9.Nge2 dxe4 10.d5 Ne5 11.O-O g6 12.Be3 a6 13.Bxd7+ Qxd7 14.Ng3 Bg7 15.Bd4 Qd6
16.Qa4+ Kf8 17.Qb3 Qb8 18.Rad1 h5 19.Ncxe4 Neg4 20.d6 exd6 21.Ng5 d5 22.h3 Nh6
23.Rfe1 h4 24.Be5 Qa7 25.Bd4 Qb8 26.Nf1 Nf5 27.Be5 Qa7 28.Ne3 Nxe3 29.Rxe3 Rh5
30.Nxf7 b5 31.Nd6 Qc5 32.Rc3 Qb6 33.Bd4 Qd8 34.Rc6 Qd7 35.Rdc1 Rb8 36.Qf3 Kg8
37.Bxf6 Rf8 38.Rc7  1-0

[Event "XXIV SuperGM"]
[Site "Morelia/Linares MEX/ESP"]
[Date "2007.03.02"]
[Round "8"]
[White "Leko,P"]
[Black "Ivanchuk,V"]
[Result "1/2-1/2"]
[WhiteElo "2749"]
[BlackElo "2750"]

1.e4 e6 2.d4 d5 3.Nc3 dxe4 4.Nxe4 Nd7 5.Nf3 Ngf6 6.Bg5 h6 7.Nxf6+ Nxf6 8.Be3 Nd5
9.Bd3 Nxe3 10.fxe3 Bd6 11.e4 e5 12.dxe5 Bc5 13.Bb5+ c6 14.Qxd8+ Kxd8 15.Bc4 Ke7
16.c3 Be6 17.Bxe6 Kxe6 18.Ke2 Bb6 19.Rhf1 Rhf8 20.Rad1 Rad8 21.Rxd8 Bxd8
22.Rd1 Bc7 23.Ke3 g6 24.g4 Rd8 25.Rxd8 Bxd8 26.Kf4 c5 27.h3 Bc7 28.h4 f6
29.c4 Bxe5+ 30.Nxe5 g5+ 31.Ke3 Kxe5 32.h5 a6 33.b3 Kd6 34.Kd3 b6 35.a3 Kc6
36.Kc3 Kd6 37.Kd3 Ke5 38.Ke3 Kd6  1/2-1/2

[Event "XXIV SuperGM"]
[Site "Morelia/Linares MEX/ESP"]
[Date "2007.03.03"]
[Round "9"]
[White "Topalov,V"]
[Black "Ivanchuk,V"]
[Result "1/2-1/2"]
[WhiteElo "2783"]
[BlackElo "2750"]

1.e4 c5 2.Nf3 e6 3.d4 cxd4 4.Nxd4 a6 5.Bd3 Bc5 6.Nb3 Ba7 7.Qe2 d6 8.Be3 Nc6
9.f4 Nge7 10.O-O O-O 11.c3 b5 12.N1d2 Bxe3+ 13.Qxe3 Rb8 14.Kh1 Qb6 15.Qe2 a5
16.a3 Bd7 17.Rf3 Ng6 18.g3 Rfd8 19.Rd1 Nce7 20.h4 h6 21.Kh2 Be8 22.Rg1 Nc6
23.h5 Nf8 24.g4 e5 25.g5 hxg5 26.fxg5 Rb7 27.Qf1 Ne6 28.h6 g6 29.Nc1 Qc7
30.Qf2 Qe7 31.Qh4 b4 32.Nc4 bxc3 33.bxc3 d5 34.exd5 Rxd5 35.Re3 Qc5 36.Rf1 Rb2+
37.Rf2 Rxf2+ 38.Qxf2 Qe7 39.Be4 Rd1 40.Qc2 Rd8 41.Nd3 Nxg5 42.Bxc6 Bxc6 43.Ndxe5 Qf6
44.Nxc6 Qxc6 45.Qe2 Qc7+ 46.Ne5 Rd5 47.Kg2 Ne6 48.Qc4 Qe7 49.Kg3 Qg5+ 50.Ng4 Rc5
51.Qe4 Rf5 52.Rf3 Kh7 53.c4 a4 54.Qe3 Qe7 55.Qc3 Qc7+ 56.Kf2 Rxf3+ 57.Qxf3 Qc5+
58.Ne3 f5 59.Qb7+ Kxh6 60.Qd5 Qe7 61.Qe5 Qh4+ 62.Kf1 Ng5 63.Qh8+ Nh7 64.Qe5 Nf6
65.Ke2 Kg5 66.c5 Qh5+ 67.Kd3 Qf3 68.Kc4 Qb7 69.Qc3 Ne4 70.Qb4 Qa6+ 71.Kd4 Qf6+
72.Kd5 Kf4 73.Qd4 Qf7+ 74.Kc6 Qe8+ 75.Kb6 Qb8+ 76.Ka6 Qa8+ 77.Kb6 Qb8+  1/2-1/2

[Event "XXIV SuperGM"]
[Site "Morelia/Linares MEX/ESP"]
[Date "2007.03.09"]
[Round "13"]
[White "Aronian,L"]
[Black "Ivanchuk,V"]
[Result "1/2-1/2"]
[WhiteElo "2744"]
[BlackElo "2750"]

1.d4 Nf6 2.c4 e6 3.Nf3 b6 4.g3 Bb7 5.Bg2 Be7 6.O-O O-O 7.d5 exd5 8.Nh4 c6
9.cxd5 Nxd5 10.Nf5 Nc7 11.Re1 d5 12.e4 d4 13.Nxd4 c5 14.Nf5 Nc6 15.Nc3 Nd4
16.Bf4 Bf6 17.e5 Bxg2 18.exf6 Bf3 19.Ne7+ Kh8 20.Bxc7 Qxc7 21.Nb5 Bxd1 22.Nxc7 Bc2
23.Nxa8 Nf3+ 24.Kg2 Nxe1+ 25.Rxe1 Rxa8 26.Nd5 gxf6 27.Nxf6 Kg7 28.Nh5+ Kf8
29.g4 Rd8 30.Nf6 h6 31.Kg3 Kg7 32.Nh5+ Kf8 33.Nf6 Ba4 34.Ne4 Bc6 35.Nc3 Rd2
36.Re2 Rd4 37.Re1 Bd7 38.f3 Be6 39.a3 Rd2  1/2-1/2

[Event "Amber Blindfold"]
[Site "Monte Carlo MNC"]
[Date "2007.03.17"]
[Round "1"]
[White "Van Wely,L"]
[Black "Ivanchuk,V"]
[Result "0-1"]
[WhiteElo "2683"]
[BlackElo "2750"]

1.c4 Nf6 2.Nc3 e6 3.Nf3 Bb4 4.Qc2 O-O 5.a3 Bxc3 6.Qxc3 b6 7.e3 Bb7 8.Be2 d6
9.O-O a5 10.b3 Nbd7 11.Bb2 Qe7 12.d4 Ne4 13.Qc2 f5 14.Ne1 Qg5 15.Qc1 Rf6
16.f3 Qh5 17.g4 fxg4 18.fxe4 Rh6 19.Rf2 Bxe4 20.Qd2 Qh4 21.Bd3 g3 22.Rg2 gxh2+
23.Kh1 Rf8 24.Nc2 Rhf6 25.d5 e5 26.Qe1 Bxg2+ 27.Kxg2 h1=Q+  0-1

[Event "Amber Blindfold"]
[Site "Monte Carlo MNC"]
[Date "2007.03.19"]
[Round "3"]
[White "Ivanchuk,V"]
[Black "Anand,V"]
[Result "1-0"]
[WhiteElo "2750"]
[BlackElo "2779"]

1.d4 Nf6 2.c4 e6 3.Nc3 Bb4 4.Qc2 d5 5.a3 Bxc3+ 6.Qxc3 Ne4 7.Qc2 c5 8.dxc5 Nc6
9.cxd5 exd5 10.Nf3 Bf5 11.b4 d4 12.g4 Bg6 13.Qb2 O-O 14.Bg2 Re8 15.O-O Nc3
16.Re1 h5 17.g5 Be4 18.Bd2 Ne5 19.Bxc3 Bxf3 20.exf3 dxc3 21.Qxc3 Qxg5 22.f4 Qxf4
23.Re4  1-0

[Event "Amber Blindfold"]
[Site "Monte Carlo MNC"]
[Date "2007.03.27"]
[Round "9"]
[White "Leko,P"]
[Black "Ivanchuk,V"]
[Result "0-1"]
[WhiteElo "2749"]
[BlackElo "2750"]

1.e4 c6 2.d4 d5 3.Nc3 dxe4 4.Nxe4 Bf5 5.Ng3 Bg6 6.h4 h6 7.Nf3 Nd7 8.h5 Bh7
9.Bd3 Bxd3 10.Qxd3 Ngf6 11.Bf4 Qa5+ 12.Bd2 Qa4 13.O-O e6 14.Rfe1 O-O-O 15.a3 Bd6
16.b3 Qb5 17.c4 Qa6 18.Ne4 Nxe4 19.Qxe4 Nf6 20.Qh4 Kb8 21.Bb4 Ka8 22.Bxd6 Rxd6
23.Qg3 Ne8 24.Qf4 Rf8 25.c5 Rd8 26.Rxe6 Nf6 27.Rd6 Rde8 28.Ne5 Qe2 29.g4 Ne4
30.Rd7 Ng5 31.Kh2 f5 32.Qe3 Qb2 33.Rd1 fxg4 34.Kg2 g3 35.Rd2 gxf2 36.Rxf2 Rxf2+
37.Qxf2 Qxb3 38.Rxg7 Qh3+ 39.Kg1 Qxh5 40.Qb2 Rb8 41.a4 Nh3+ 42.Kg2 Nf4+ 43.Kg1 Qd1+
44.Kh2 Ne6 45.Rd7 Qh5+  0-1

[Event "II Rapid"]
[Site "Canada de Calatrava ESP"]
[Date "2007.04.07"]
[Round "5"]
[White "Chernin,A"]
[Black "Ivanchuk,V"]
[Result "1/2-1/2"]
[WhiteElo "2587"]
[BlackElo "2750"]

1.d4 Nf6 2.c4 e6 3.g3 c5 4.Nf3 cxd4 5.Nxd4 Qc7 6.Nd2 a6 7.Bg2 Nc6 8.Nxc6 dxc6
9.O-O e5 10.Qc2 Be6 11.b3 Be7 12.Ne4 O-O 13.Nxf6+ Bxf6 14.Bb2 Be7 15.Rad1 f6
16.Rd2 Rad8 17.Rfd1 Rxd2 18.Rxd2 Rd8 19.Rxd8+ Qxd8 20.Be4 g6 21.h4 f5 22.Bg2 Bf6
23.Qd3 Qe7 24.Qd2 Kg7 25.e3 Bf7 26.Bf1 b6 27.Bc3 c5 28.f4 a5 29.Qb2 e4 30.Bxf6+ Qxf6
31.Qxf6+ Kxf6 32.a4  1/2-1/2

[Event "TCh-RUS"]
[Site "Sochi RUS"]
[Date "2007.05.04"]
[Round "3"]
[White "Bocharov,D"]
[Black "Ivanchuk,V"]
[Result "0-1"]
[WhiteElo "2614"]
[BlackElo "2729"]

1.d4 Nf6 2.c4 e6 3.Nc3 Bb4 4.Qc2 c5 5.dxc5 O-O 6.a3 Bxc5 7.Nf3 Nc6 8.Bg5 b6
9.e3 Bb7 10.Be2 Be7 11.O-O h6 12.Bh4 Nh5 13.Bxe7 Qxe7 14.Rfd1 Nf6 15.b4 Rfd8
16.Qb3 d6 17.h3 Nd7 18.Nd2 Nf6 19.Nf3 Nd7 20.Ra2 Nce5 21.Ne1 Nf6 22.Rad2 Rac8
23.Rd4 Ba6 24.b5 Bb7 25.Qb4 Ne8 26.a4 Qc7 27.f4 Nd7 28.Bf3 Nc5 29.Qb1 Nf6
30.R1d2 Rd7 31.Qd1 Rcd8 32.Qc2 d5 33.cxd5 exd5 34.Ne2 Re7 35.Qc3 Rde8 36.Nc2 Nfe4
37.Qa3 Nxd2 38.Rxd2 d4 39.Nexd4 Bxf3 40.gxf3 Qd6 41.a5 Re6 42.axb6 axb6 43.Qc3 Rg6+
44.Kh2 Qf6 45.Nb4 Re5 46.Rg2 Rxg2+ 47.Kxg2 Rh5 48.Qe1 Ne6 49.Nbc6 Nxd4 50.Nxd4 Rc5
51.Qa1 Qg6+ 52.Kf2 Kh7 53.Qa8 Rh5 54.Qc8 Qf6 55.Qc2+ g6 56.Kg2 Rc5 57.Qe4 Kg7
58.Kg3 Qd6 59.Qe8 Rc3 60.Kf2 Qf6 61.Qd7 Ra3 62.Ke2 Ra2+ 63.Kd3 Ra1 64.f5 g5
65.Ke4 Ra8 66.Nc6 Ra4+ 67.Nd4 Rc4 68.Kd3 Rc1 69.Ke4 Kf8 70.Kd3 Qe7 71.Qd5 Rc5
72.Qa8+ Kg7 73.h4 gxh4 74.f4 Rc1 75.Qg2+ Kh7 76.Qb2 Rd1+ 77.Ke2 Rh1 78.Nf3 Qe4
79.Qf6 Qc4+  0-1